000 00288nam a22001217a 4500
008 190313b xxu||||| |||| 00| 0 eng d
041 _aeng
080 _a043.3
100 _a0
101 _aMBE-BA
245 _aE-Banking dhe Sfidat e ofrimit te sherbimeve
_cBaholli, D
942 _2udc
_cBK
999 _c54769
_d54769